[Event "Qatar Masters Open 2015"]
[Site "Doha QAT"]
[Date "2015.12.20"]
[Round "1.18"]
[White "Ali Marandi, Cemil Can"]
[Black "Ni, Hua"]
[Result "1/2-1/2"]
[WhiteElo "2454"]
[BlackElo "2693"]
[PlyCount "60"]
[EventDate "2015.12.20"]
[EventType "swiss"]
[EventRounds "9"]
[EventCountry "QAT"]
[Source "lmi"]
[SourceDate "2015.12.20"]

1. Nf3 d5 2. g3 Nf6 3. Bg2 e6 4. O-O Nbd7 5. b3 b6 6. Bb2 Bb7 7. c4 Be7 8. cxd5
Bxd5 9. Nc3 Bb7 10. d4 O-O 11. Rc1 c5 12. dxc5 Bxc5 13. Na4 Qe7 14. Bxf6 Nxf6
15. Nxc5 bxc5 16. Qc2 Rfc8 17. Rfd1 a5 18. Ne5 Bxg2 19. Kxg2 Nd5 20. e4 Nb6 21.
Nc4 Nxc4 22. Qxc4 Qe8 23. Rd6 a4 24. Ra6 Rxa6 25. Qxa6 axb3 26. axb3 h6 27. Qc4
Rb8 28. Qxc5 Rxb3 29. Rc3 Rxc3 30. Qxc3 Qa8 1/2-1/2

[Event "Qatar Masters Open 2015"]
[Site "Doha QAT"]
[Date "2015.12.20"]
[Round "1.19"]
[White "Moiseenko, Alexander"]
[Black "Lorparizangeneh, Shahin"]
[Result "1/2-1/2"]
[WhiteElo "2689"]
[BlackElo "2454"]
[PlyCount "93"]
[EventDate "2015.12.20"]
[EventType "swiss"]
[EventRounds "9"]
[EventCountry "QAT"]
[Source "lmi"]
[SourceDate "2015.12.20"]

1. d4 Nf6 2. c4 g6 3. Nc3 d5 4. cxd5 Nxd5 5. e4 Nxc3 6. bxc3 Bg7 7. Qa4+ Nd7 8.
Nf3 c5 9. Be2 O-O 10. O-O Nb6 11. Qa3 cxd4 12. cxd4 Bg4 13. Rd1 Bxf3 14. gxf3
e6 15. Be3 Qh4 16. Qb3 Bh6 17. a4 Rac8 18. a5 Nd7 19. Rac1 Nf6 20. Bxh6 Qxh6
21. Qe3 Qh4 22. f4 Nh5 23. Bxh5 Qxh5 24. a6 bxa6 25. h3 Rc2 26. Kg2 Rb8 27.
Rxc2 Qxd1 28. Rc1 Qb3 29. Rc7 Qd1 30. f5 exf5 31. exf5 Qh5 32. f6 Qd5+ 33. Kg3
h5 34. Qe5 Rd8 35. Qxd5 Rxd5 36. Rc4 g5 37. Kf3 Rf5+ 38. Ke4 Rxf6 39. Rc5 Rf4+
40. Ke3 f6 41. Rc7 Kf8 42. Rxa7 Ke8 43. Rxa6 Kd7 44. f3 Rf5 45. Ke4 Rf4+ 46.
Ke3 Rf5 47. Ke4 1/2-1/2

[Event "Qatar Masters Open 2015"]
[Site "Doha QAT"]
[Date "2015.12.20"]
[Round "1.20"]
[White "Venkatesh, M.R."]
[Black "Howell, David W L"]
[Result "0-1"]
[WhiteElo "2451"]
[BlackElo "2688"]
[PlyCount "66"]
[EventDate "2015.12.20"]
[EventType "swiss"]
[EventRounds "9"]
[EventCountry "QAT"]
[Source "lmi"]
[SourceDate "2015.12.20"]

1. Nf3 d5 2. b3 Bg4 3. e3 e5 4. h3 Bxf3 5. Qxf3 Nc6 6. Bb2 Qd7 7. Bb5 e4 8. Qg4
f5 9. Qg5 Nh6 10. g4 fxg4 11. hxg4 Nf7 12. Qf5 O-O-O 13. Bxc6 bxc6 14. d3 h6
15. Nd2 Ng5 16. Ke2 Rg8 17. dxe4 dxe4 18. Nc4 Qxf5 19. gxf5 Rd5 20. f6 gxf6 21.
Bxf6 Nf3 22. Rad1 Rg6 23. Bh4 Rxd1 24. Kxd1 h5 25. Ke2 Bb4 26. Kf1 Bc3 27. Bg3
h4 28. Rxh4 Nxh4 29. Bxh4 Rh6 30. Be7 Rh1+ 31. Kg2 Rc1 32. Na3 Kd7 33. Bc5 a5
0-1

[Event "Qatar Masters Open 2015"]
[Site "Doha QAT"]
[Date "2015.12.20"]
[Round "1.21"]
[White "Matlakov, Maxim"]
[Black "Kashlinskaya, Alina"]
[Result "1-0"]
[WhiteElo "2684"]
[BlackElo "2448"]
[PlyCount "69"]
[EventDate "2015.12.20"]
[EventType "swiss"]
[EventRounds "9"]
[EventCountry "QAT"]
[Source "lmi"]
[SourceDate "2015.12.20"]

1. d4 d5 2. c4 e6 3. Nf3 Nf6 4. Nc3 Be7 5. Bf4 O-O 6. e3 c5 7. dxc5 Bxc5 8. Qc2
Nc6 9. a3 Re8 10. Bg3 d4 11. exd4 Bxd4 12. O-O-O e5 13. Bxe5 Bg4 14. Bxd4 Bxf3
15. gxf3 Nxd4 16. Qd3 Nb3+ 17. Kb1 Qxd3+ 18. Bxd3 Rad8 19. Ne4 Nxe4 20. fxe4
Kf8 21. Kc2 Nc5 22. f3 Ne6 23. Kc3 Nf4 24. c5 Re5 25. Bc4 Rc8 26. b4 Ke7 27.
Rd2 b6 28. Rhd1 Rc7 29. c6 Rxc6 30. Rd7+ Kf6 31. Rxf7+ Kg5 32. Rg1+ Kh6 33.
Rxf4 b5 34. Kd4 Rg5 35. Rh4+ 1-0

[Event "Qatar Masters Open 2015"]
[Site "Doha QAT"]
[Date "2015.12.20"]
[Round "1.23"]
[White "Adhiban, Baskaran"]
[Black "Puranik, Abhimanyu"]
[Result "1/2-1/2"]
[WhiteElo "2669"]
[BlackElo "2442"]
[PlyCount "104"]
[EventDate "2015.12.20"]
[EventType "swiss"]
[EventRounds "9"]
[EventCountry "QAT"]
[Source "lmi"]
[SourceDate "2015.12.20"]

1. Nf3 Nf6 2. c4 g6 3. Nc3 d5 4. cxd5 Nxd5 5. h4 Bg7 6. e4 Nxc3 7. dxc3 Qxd1+
8. Kxd1 Bg4 9. Be3 Nd7 10. Kc2 e5 11. Bc4 Bxf3 12. gxf3 h5 13. Rad1 Nb6 14. Bb3
Bh6 15. a4 Nc8 16. Rd5 f6 17. Rhd1 Nd6 18. Bc5 O-O-O 19. Bxa7 g5 20. Be3 gxh4
21. Bxh6 Rxh6 22. Rh1 c6 23. Rdd1 f5 24. exf5 Nxf5 25. Rde1 Re8 26. Kc1 Kd7 27.
Re4 Rf6 28. Re2 Ng7 29. Re3 Nf5 30. Re2 Ng7 31. Bd1 Rf4 32. Re4 Rxe4 33. fxe4
Rf8 34. Rxh4 Rxf2 35. Bxh5 Rf4 36. Rxf4 exf4 37. Bg4+ Kd6 38. a5 Ne6 39. Kc2
Nc5 40. Bf5 Ke5 41. Bc8 f3 42. Kd1 Nb3 43. Ke1 Kxe4 44. Kf2 Nxa5 45. b4 Nc4 46.
Bxb7 Kd3 47. Bxc6 Kxc3 48. b5 Kb4 49. Kxf3 Kc5 50. Ke4 Nd6+ 51. Kd3 Nxb5 52.
Bxb5 Kxb5 1/2-1/2

[Event "Qatar Masters Open 2015"]
[Site "Doha QAT"]
[Date "2015.12.20"]
[Round "1.24"]
[White "Sagar, Shah"]
[Black "Fedoseev, Vladimir"]
[Result "1/2-1/2"]
[WhiteElo "2441"]
[BlackElo "2664"]
[PlyCount "138"]
[EventDate "2015.12.20"]
[EventType "swiss"]
[EventRounds "9"]
[EventCountry "QAT"]
[Source "lmi"]
[SourceDate "2015.12.20"]

1. c4 e5 2. Nc3 Nf6 3. Nf3 Nc6 4. d4 exd4 5. Nxd4 Bb4 6. Bg5 O-O 7. Rc1 Ne5 8.
e3 h6 9. Bxf6 Qxf6 10. Be2 Qb6 11. Qb3 Bxc3+ 12. Qxc3 Qg6 13. O-O d5 14. cxd5
Bh3 15. g3 Bxf1 16. Bxf1 c6 17. dxc6 Nxc6 18. Nxc6 Qxc6 19. Qxc6 bxc6 20. Rxc6
Rfc8 21. Ra6 Rc7 22. b3 Rd8 23. Bc4 Rd2 24. a4 Kh7 25. g4 Rcd7 26. Kg2 Rb2 27.
Kg3 g5 28. Rf6 Kg7 29. Rf5 Rb1 30. Kg2 Kg6 31. e4 Re1 32. Kf3 f6 33. Ra5 h5 34.
gxh5+ Kxh5 35. Bd5 Rc7 36. Bc4 Re7 37. Bd5 Kh4 38. Ra6 g4+ 39. Kg2 Rc7 40. Bc4
Rd7 41. Bd5 f5 42. Rf6 fxe4 43. Rf5 Rh7 44. Rf4 Kg5 45. Rxe4 Rxe4 46. Bxe4 Re7
47. Bd5 Rd7 48. Bc4 Kf4 49. Be6 Rd6 50. Bc4 a5 51. Bf7 Rd3 52. Bc4 Rf3 53. Bd5
Rc3 54. Be6 Rh3 55. Bc4 Kf5 56. Bf7 Ke5 57. Bc4 Rf3 58. Bg8 Kd6 59. Bc4 Rc3 60.
Bf7 Rh3 61. Bc4 Rf3 62. Bg8 Ke5 63. Bc4 Rh3 64. Bf7 Ke4 65. Be6 Kd4 66. Bc4 Rc3
67. Be6 Rf3 68. Bc4 Kc3 69. Be6 Kd4 1/2-1/2

[Event "Qatar Masters Open 2015"]
[Site "Doha QAT"]
[Date "2015.12.20"]
[Round "1.25"]
[White "Duda, Jan-Krzysztof"]
[Black "Vogel, Roven"]
[Result "1-0"]
[WhiteElo "2663"]
[BlackElo "2439"]
[PlyCount "77"]
[EventDate "2015.12.20"]
[EventType "swiss"]
[EventRounds "9"]
[EventCountry "QAT"]
[Source "lmi"]
[SourceDate "2015.12.20"]

1. d4 Nf6 2. c4 e6 3. g3 d5 4. Bg2 Be7 5. Nf3 O-O 6. Qc2 a6 7. Nbd2 Nbd7 8. O-O
c5 9. Rd1 b6 10. cxd5 exd5 11. dxc5 Nxc5 12. b4 Ne6 13. a3 Bd7 14. Bb2 Rc8 15.
Qb3 Qe8 16. Rdc1 Rxc1+ 17. Rxc1 Ba4 18. Qe3 Qb8 19. Bh3 Bd7 20. Be5 Qd8 21.
Bxe6 Bxe6 22. Bc7 Qd7 23. Bxb6 Qb5 24. Bc5 Ng4 25. Qd3 Rc8 26. Qxb5 axb5 27.
Nb3 Bd8 28. Bd4 Ra8 29. Nc5 Bc8 30. Bb2 h5 31. Kg2 Kf8 32. h3 Nh6 33. Rd1 Be6
34. Nxe6+ fxe6 35. Nd4 Kf7 36. Nxb5 Rb8 37. Na7 Bb6 38. Nc6 Ra8 39. e4 1-0

[Event "Qatar Masters Open 2015"]
[Site "Doha QAT"]
[Date "2015.12.20"]
[Round "1.26"]
[White "Wang, Yiye"]
[Black "Dubov, Daniil"]
[Result "0-1"]
[WhiteElo "2438"]
[BlackElo "2655"]
[PlyCount "82"]
[EventDate "2015.12.20"]
[EventType "swiss"]
[EventRounds "9"]
[EventCountry "QAT"]
[Source "lmi"]
[SourceDate "2015.12.20"]

1. b3 e5 2. Bb2 Nc6 3. e3 g6 4. Bb5 Nge7 5. f4 Bg7 6. Nf3 d6 7. fxe5 O-O 8. O-O
Bg4 9. Nc3 Nxe5 10. Be2 Bxf3 11. Bxf3 d5 12. Kh1 c6 13. Qe1 Re8 14. Qf2 f5 15.
Rae1 Nc8 16. Nd1 Nd6 17. d3 Qc7 18. Qh4 Rad8 19. Be2 Qa5 20. Qa4 Qxa4 21. bxa4
Nd7 22. Ba3 Nb6 23. a5 Na4 24. Bxd6 Rxd6 25. g4 fxg4 26. Bxg4 Nc5 27. Re2 Rf6
28. Ref2 Rxf2 29. Rxf2 a6 30. Kg2 Bh6 31. h4 Bf8 32. h5 Kg7 33. hxg6 hxg6 34.
Rf4 Bd6 35. Rb4 Rb8 36. d4 Ne4 37. Rb2 Bc7 38. Be2 Nd6 39. Rb3 Bxa5 40. Bxa6 b5
41. Ra3 Bd8 0-1

[Event "Qatar Masters Open 2015"]
[Site "Doha QAT"]
[Date "2015.12.20"]
[Round "1.27"]
[White "Bologan, Viktor"]
[Black "Basso, Pier Luigi"]
[Result "1-0"]
[WhiteElo "2654"]
[BlackElo "2438"]
[PlyCount "111"]
[EventDate "2015.12.20"]
[EventType "swiss"]
[EventRounds "9"]
[EventCountry "QAT"]
[Source "lmi"]
[SourceDate "2015.12.20"]

1. e4 c6 2. d4 d5 3. e5 Bf5 4. Nf3 e6 5. Be2 c5 6. O-O Nc6 7. c3 cxd4 8. Nxd4
Nxd4 9. cxd4 Ne7 10. Nc3 Nc6 11. Be3 Be7 12. a3 O-O 13. b4 Rc8 14. Rc1 Qd7 15.
Na4 Nxd4 16. Bxd4 Rxc1 17. Qxc1 Qxa4 18. Qc7 Bd8 19. Qxb7 Bb6 20. Bxb6 axb6 21.
Qxb6 Qxa3 22. Qd4 Rc8 23. Ra1 Qb3 24. Qc5 Rf8 25. Bb5 g6 26. Bf1 Qb2 27. Rd1
Qxe5 28. b5 Qb2 29. f3 h5 30. h3 Qc2 31. Qd4 Rd8 32. Ra1 e5 33. Qxe5 Qc5+ 34.
Kh1 Qb6 35. g4 hxg4 36. hxg4 Bc8 37. Ra2 Qe6 38. Qd4 Qe1 39. Kg2 Bb7 40. Ra1
Qe6 41. Ra7 Rd7 42. b6 f6 43. Bd3 Kf7 44. Ra1 Rd6 45. Rh1 Rxb6 46. g5 Ba6 47.
Rh7+ Kg8 48. Qh4 Rb2+ 49. Kh1 Qc6 50. Rh8+ Kf7 51. Bxg6+ Ke6 52. Re8+ Kd6 53.
Qf4+ Kd7 54. gxf6 Qb6 55. Qf5+ Kc7 56. Qe5+ 1-0

[Event "Qatar Masters Open 2015"]
[Site "Doha QAT"]
[Date "2015.12.20"]
[Round "1.28"]
[White "Fang, Yuxiang"]
[Black "Khismatullin, Denis"]
[Result "1-0"]
[WhiteElo "2438"]
[BlackElo "2654"]
[PlyCount "71"]
[EventDate "2015.12.20"]
[EventType "swiss"]
[EventRounds "9"]
[EventCountry "QAT"]
[Source "lmi"]
[SourceDate "2015.12.20"]

1. Nf3 c5 2. c4 g6 3. Nc3 Bg7 4. g3 Nc6 5. Bg2 d6 6. O-O Bf5 7. d3 Qd7 8. Nd5
Rb8 9. a4 Nf6 10. Bd2 h5 11. h4 Ng4 12. Bc3 Nge5 13. Rb1 O-O 14. Nxe5 dxe5 15.
b4 b6 16. b5 Nd8 17. a5 Qd6 18. Ra1 Bd7 19. axb6 axb6 20. Ra7 e6 21. Ne3 f5 22.
Nc2 Nf7 23. Qa1 Rfd8 24. Qb2 Be8 25. Rfa1 Rd7 26. Ne1 Bf6 27. f4 Bh8 28. Nf3
exf4 29. Bxh8 Nxh8 30. Rxd7 Bxd7 31. Qe5 Nf7 32. Qxd6 Nxd6 33. Ne5 Be8 34. gxf4
Kg7 35. Ra7+ Kf6 36. Bc6 1-0

[Event "Qatar Masters Open 2015"]
[Site "Doha QAT"]
[Date "2015.12.20"]
[Round "1.29"]
[White "Akopian, Vladimir"]
[Black "Padmini, Rout"]
[Result "1/2-1/2"]
[WhiteElo "2648"]
[BlackElo "2437"]
[PlyCount "75"]
[EventDate "2015.12.20"]
[EventType "swiss"]
[EventRounds "9"]
[EventCountry "QAT"]
[Source "lmi"]
[SourceDate "2015.12.20"]

1. e4 c5 2. Nf3 e6 3. b3 b6 4. c4 Bb7 5. Nc3 Nf6 6. Bd3 Nc6 7. Bb2 Qb8 8. O-O
Ng4 9. g3 h5 10. Nd5 h4 11. Qe2 hxg3 12. hxg3 Nge5 13. Nxe5 Nxe5 14. Bc2 Nc6
15. Kg2 Nd4 16. Bxd4 cxd4 17. Nf4 g5 18. Nd3 Qc7 19. Rh1 Rxh1 20. Rxh1 O-O-O
21. Ne1 Bc5 22. Rh7 f5 23. Kf1 Rf8 24. exf5 exf5 25. Qh5 f4 26. Rh8 fxg3 27.
Rxf8+ Bxf8 28. Qe8+ Qd8 29. Qxd8+ Kxd8 30. fxg3 d5 31. cxd5 Bxd5 32. Bf5 Ke7
33. Ke2 Kd6 34. g4 Ke5 35. Nd3+ Kd6 36. Nf2 a5 37. Ne4+ Bxe4 38. Bxe4 1/2-1/2

[Event "Qatar Masters Open 2015"]
[Site "Doha QAT"]
[Date "2015.12.20"]
[Round "1.30"]
[White "Aryan, Chopra"]
[Black "Ganguly, Surya Shekhar"]
[Result "0-1"]
[WhiteElo "2436"]
[BlackElo "2648"]
[PlyCount "108"]
[EventDate "2015.12.20"]
[EventType "swiss"]
[EventRounds "9"]
[EventCountry "QAT"]
[Source "lmi"]
[SourceDate "2015.12.20"]

1. e4 e5 2. Nf3 Nc6 3. Bb5 Nf6 4. d3 Bc5 5. c3 O-O 6. O-O d6 7. Nbd2 Ne7 8. h3
Ng6 9. Re1 c6 10. Ba4 Bb6 11. Nf1 Bc7 12. Ng3 d5 13. Bb3 h6 14. Be3 Be6 15. Qc2
Re8 16. Rad1 Qc8 17. Qd2 a5 18. Bc2 a4 19. d4 Nxe4 20. Nxe4 dxe4 21. Nxe5 Nxe5
22. dxe5 Bxe5 23. Bxe4 Bxa2 24. Bc2 Bb3 25. Bxb3 axb3 26. Qd3 b5 27. Bc1 Ra4
28. g3 Bf6 29. Qf3 Re6 30. Kg2 Qe8 31. Bd2 Ra2 32. Rxe6 Qxe6 33. Bc1 Ra4 34. h4
Qe4 35. Qxe4 Rxe4 36. Kf3 Ra4 37. Ke2 Ra1 38. Bd2 Rxd1 39. Kxd1 c5 40. Be3 c4
41. Bc5 h5 42. Bb4 Kh7 43. Ke2 Kg6 44. Ke3 Kf5 45. Ba3 g6 46. Bb4 Bg7 47. Ba3
Ke5 48. Bb4 Bh6+ 49. f4+ Kd5 50. Kf3 Bg7 51. Ba3 Bf6 52. Bb4 Bd8 53. Bf8 Bb6
54. Bg7 Bc5 0-1

[Event "Qatar Masters Open 2015"]
[Site "Doha QAT"]
[Date "2015.12.20"]
[Round "1.31"]
[White "Khairullin, Ildar"]
[Black "Carlsson, Pontus"]
[Result "1/2-1/2"]
[WhiteElo "2647"]
[BlackElo "2433"]
[PlyCount "67"]
[EventDate "2015.12.20"]
[EventType "swiss"]
[EventRounds "9"]
[EventCountry "QAT"]
[Source "lmi"]
[SourceDate "2015.12.20"]

1. Nf3 d5 2. d4 Nf6 3. c4 c6 4. e3 Bf5 5. Nc3 e6 6. Nh4 Bg6 7. Nxg6 hxg6 8. Bd3
Nbd7 9. O-O Be7 10. a3 O-O 11. Qc2 c5 12. cxd5 exd5 13. dxc5 Nxc5 14. Rd1 Qb6
15. Bd2 Nb3 16. Rab1 Rac8 17. Be1 d4 18. exd4 Nxd4 19. Qd2 Rfd8 20. Qe3 Bf8 21.
Bf1 Rd7 22. Ne4 Nxe4 23. Qxe4 Rcd8 24. Bc3 Nb5 25. Rxd7 Rxd7 26. Be1 Nd4 27.
Bc4 Qc6 28. Qxc6 Nxc6 29. Kf1 Ne5 30. Be2 Bc5 31. Rc1 Bd4 32. Rc8+ Kh7 33. Rc2
g5 34. Bd2 1/2-1/2

[Event "Qatar Masters Open 2015"]
[Site "Doha QAT"]
[Date "2015.12.20"]
[Round "1.32"]
[White "Abdusattorov, Nodirbek"]
[Black "Shankland, Samuel L"]
[Result "1/2-1/2"]
[WhiteElo "2429"]
[BlackElo "2646"]
[PlyCount "104"]
[EventDate "2015.12.20"]
[EventType "swiss"]
[EventRounds "9"]
[EventCountry "QAT"]
[Source "lmi"]
[SourceDate "2015.12.20"]

1. e4 c6 2. d4 d5 3. Nc3 dxe4 4. Nxe4 Bf5 5. Ng3 Bg6 6. h4 h6 7. Nf3 e6 8. Ne5
Bh7 9. c3 Nd7 10. Nxd7 Qxd7 11. Bd3 Bxd3 12. Qxd3 O-O-O 13. Be3 Nf6 14. Ne4 Ng4
15. Qe2 Nxe3 16. fxe3 Be7 17. Nd2 h5 18. O-O-O e5 19. dxe5 Qe6 20. Nc4 Kc7 21.
Rd4 b5 22. Nd6 Bxd6 23. exd6+ Rxd6 24. Rxd6 Qxd6 25. Rd1 Qe5 26. Qd3 Re8 27.
Qd7+ Kb6 28. Rd3 Qe7 29. Kd2 Qxd7 30. Rxd7 Re4 31. Rxf7 Rg4 32. Rf2 Rxh4 33.
Ke2 Rg4 34. Kf3 Rg6 35. Rd2 Kc7 36. Kf4 Rg4+ 37. Kf5 g6+ 38. Kf6 h4 39. Re2 Kd6
40. e4 Rf4+ 41. Kxg6 Ke5 42. Kg5 a5 43. a3 c5 44. Kh5 b4 45. cxb4 cxb4 46. axb4
axb4 47. Kg5 b3 48. Re3 Rf2 49. Rxb3 Rxg2+ 50. Kxh4 Kxe4 51. Rb4+ Kd5 52. Rg4
Rxb2 1/2-1/2

[Event "Qatar Masters Open 2015"]
[Site "Doha QAT"]
[Date "2015.12.20"]
[Round "1.33"]
[White "Sjugirov, Sanan"]
[Black "Rohan, Ahuja"]
[Result "1-0"]
[WhiteElo "2646"]
[BlackElo "2426"]
[PlyCount "67"]
[EventDate "2015.12.20"]
[EventType "swiss"]
[EventRounds "9"]
[EventCountry "QAT"]
[Source "lmi"]
[SourceDate "2015.12.20"]

1. Nf3 Nf6 2. g3 g6 3. Bg2 Bg7 4. O-O d5 5. d3 O-O 6. Nbd2 c5 7. e4 dxe4 8.
dxe4 Nc6 9. c3 Qb6 10. Qe2 h6 11. h3 Be6 12. Ne1 Ne8 13. Nd3 Nc7 14. Nf4 Rad8
15. Nxe6 Nxe6 16. f4 c4+ 17. Kh2 Na5 18. e5 Nc5 19. Ne4 Nd3 20. b4 Nc6 21. Be3
Qc7 22. Rfd1 b5 23. a4 a6 24. axb5 axb5 25. Ra6 Nb8 26. Rb6 g5 27. Rxb5 Qd7 28.
Rb7 Qf5 29. fxg5 hxg5 30. Rxe7 Nc6 31. Rf1 Nxe7 32. Rxf5 Nxf5 33. Bxg5 Bxe5 34.
Qg4 1-0

[Event "Qatar Masters Open 2015"]
[Site "Doha QAT"]
[Date "2015.12.20"]
[Round "1.34"]
[White "Nezad, Husein Aziz"]
[Black "Swiercz, Dariusz"]
[Result "0-1"]
[WhiteElo "2425"]
[BlackElo "2646"]
[PlyCount "64"]
[EventDate "2015.12.20"]
[EventType "swiss"]
[EventRounds "9"]
[EventCountry "QAT"]
[Source "lmi"]
[SourceDate "2015.12.20"]

1. d4 Nf6 2. c4 e6 3. Nf3 d5 4. Nc3 Nbd7 5. cxd5 exd5 6. Bf4 Bb4 7. Qb3 c5 8.
dxc5 a5 9. e3 Nxc5 10. Qc2 O-O 11. Be2 Bg4 12. O-O Rc8 13. Rfc1 Nfe4 14. Nd4
Bxe2 15. Ncxe2 Qd7 16. Qd1 Na4 17. a3 Be7 18. f3 Nf6 19. Qd2 b6 20. Be5 Nc5 21.
Rc2 a4 22. Rac1 Rce8 23. Bg3 Nh5 24. Bf2 g6 25. Rd1 Bg5 26. Qb4 Qd6 27. Nb5 Qb8
28. Rxd5 Bxe3 29. Bxe3 Rxe3 30. Nd6 Rd8 31. Qd4 Rd3 32. Rdxc5 Rxd4 0-1

[Event "Qatar Masters Open 2015"]
[Site "Doha QAT"]
[Date "2015.12.20"]
[Round "1.35"]
[White "Vidit, Santosh Gujrathi"]
[Black "Seyb, Alexander"]
[Result "1-0"]
[WhiteElo "2644"]
[BlackElo "2425"]
[PlyCount "91"]
[EventDate "2015.12.20"]
[EventType "swiss"]
[EventRounds "9"]
[EventCountry "QAT"]
[Source "lmi"]
[SourceDate "2015.12.20"]

1. Nf3 Nf6 2. c4 c6 3. Nc3 d5 4. e3 a6 5. d4 b5 6. b3 Bg4 7. Bd2 Nbd7 8. h3
Bxf3 9. Qxf3 b4 10. Na4 e5 11. Qd1 Bd6 12. c5 Bc7 13. Bxb4 exd4 14. exd4 Ne4
15. Bd3 Rb8 16. Bc3 Nxc3 17. Nxc3 Ba5 18. Rc1 Qf6 19. Bxa6 Nxc5 20. O-O Ne6 21.
Ne2 O-O 22. Rxc6 Rb6 23. Qc1 Rxa6 24. Rxa6 Nxd4 25. Rxf6 Nxe2+ 26. Kh1 Nxc1 27.
Ra6 Bd2 28. Rd1 Bh6 29. Rxh6 gxh6 30. Rxc1 Kg7 31. Kg1 Kf6 32. Kf1 Ke5 33. Ke2
h5 34. g3 f5 35. Kd3 f4 36. Re1+ Kd6 37. g4 hxg4 38. hxg4 f3 39. Rh1 Re8 40.
Rh6+ Ke5 41. Ke3 Ra8 42. Rh5+ Kd6 43. Rxh7 Rxa2 44. Kxf3 Ke5 45. Re7+ Kd4 46.
g5 1-0

[Event "Qatar Masters Open 2015"]
[Site "Doha QAT"]
[Date "2015.12.20"]
[Round "1.36"]
[White "Vignesh, N R."]
[Black "Nguyen, Ngoc Truong Son"]
[Result "1/2-1/2"]
[WhiteElo "2422"]
[BlackElo "2642"]
[PlyCount "64"]
[EventDate "2015.12.20"]
[EventType "swiss"]
[EventRounds "9"]
[EventCountry "QAT"]
[Source "lmi"]
[SourceDate "2015.12.20"]

1. e4 e5 2. Nf3 Nc6 3. Bb5 Nf6 4. O-O Nxe4 5. Re1 Nd6 6. Nxe5 Nxe5 7. Rxe5+ Be7
8. Bf1 O-O 9. Nc3 Ne8 10. Nd5 Bd6 11. Re1 c6 12. Ne3 Bc7 13. Nf5 d5 14. Ne7+
Kh8 15. Nxc8 Rxc8 16. d4 Nf6 17. Bd3 Qd6 18. g3 Rce8 19. Bf4 Qd8 20. Bg5 h6 21.
Bxf6 Qxf6 22. Qh5 Kg8 23. c3 Re6 24. Qf5 Qxf5 25. Bxf5 Rxe1+ 26. Rxe1 Bd6 27.
Bd7 Rd8 28. Re8+ Rxe8 29. Bxe8 Kf8 30. Bd7 Ke7 31. Bc8 b6 32. Kf1 Bc7 1/2-1/2

[Event "Qatar Masters Open 2015"]
[Site "Doha QAT"]
[Date "2015.12.20"]
[Round "1.37"]
[White "Sethuraman, S.P."]
[Black "Gholami, Aryan"]
[Result "1-0"]
[WhiteElo "2639"]
[BlackElo "2422"]
[PlyCount "79"]
[EventDate "2015.12.20"]
[EventType "swiss"]
[EventRounds "9"]
[EventCountry "QAT"]
[Source "lmi"]
[SourceDate "2015.12.20"]

1. e4 c5 2. Nf3 e6 3. d4 cxd4 4. Nxd4 a6 5. Bd3 Qc7 6. O-O Nf6 7. Qe2 d6 8. c4
g6 9. Nc3 Bg7 10. Rd1 O-O 11. Nf3 Nc6 12. h3 Nd7 13. Bf4 Nde5 14. Rac1 Bd7 15.
b3 Rac8 16. Bb1 Qb8 17. Ne1 f5 18. exf5 gxf5 19. c5 d5 20. Na4 Ne7 21. Nb6 Rcd8
22. Bg5 Bf6 23. Bh6 Bb5 24. Bd3 Bxd3 25. Nxd3 Rf7 26. Nf4 Re8 27. Nxe6 N7g6 28.
Nf4 Ng4 29. Qd2 Bg7 30. Bg5 Bf6 31. Bh6 Bg7 32. Bxg7 Nxf4 33. hxg4 Ne2+ 34. Kh1
fxg4 35. Ba1 Qd8 36. Qh6 Re6 37. Qh5 Rxf2 38. Rxd5 Ng3+ 39. Kg1 Qf8 40. Rg5+
1-0

[Event "Qatar Masters Open 2015"]
[Site "Doha QAT"]
[Date "2015.12.20"]
[Round "1.38"]
[White "Haria, Ravi"]
[Black "Sasikiran, Krishnan"]
[Result "1/2-1/2"]
[WhiteElo "2416"]
[BlackElo "2638"]
[PlyCount "84"]
[EventDate "2015.12.20"]
[EventType "swiss"]
[EventRounds "9"]
[EventCountry "QAT"]
[Source "lmi"]
[SourceDate "2015.12.20"]

1. Nf3 d5 2. g3 e6 3. Bg2 f5 4. O-O Nf6 5. d3 Nc6 6. c4 dxc4 7. dxc4 Bd6 8. Nc3
O-O 9. e4 e5 10. exf5 Bxf5 11. Be3 Kh8 12. c5 Be7 13. Qb3 Rb8 14. Ng5 Nd4 15.
Bxd4 exd4 16. Ne2 Bxc5 17. Nf4 Qd7 18. Nge6 Bb6 19. Nxf8 Rxf8 20. Rad1 c6 21.
Nd3 Qd6 22. Rfe1 Nd7 23. Qc4 Qf6 24. Be4 Bg4 25. Rd2 Qd6 26. b4 Be6 27. Qc2 Nf6
28. Nc5 Bg8 29. Bg2 Nd5 30. a3 Qc7 31. Rxd4 a5 32. Rde4 axb4 33. axb4 Qf7 34.
Rf1 h6 35. Qd2 Ra8 36. Rd4 Qf6 37. Bxd5 Bxd5 38. Rxd5 cxd5 39. Qxd5 Qc6 40.
Qxc6 bxc6 41. Rc1 Bxc5 42. Rxc5 Ra4 1/2-1/2

[Event "Qatar Masters Open 2015"]
[Site "Doha QAT"]
[Date "2015.12.20"]
[Round "1.39"]
[White "Piorun, Kacper"]
[Black "Mohammad, Nubairshah Shaikh"]
[Result "1-0"]
[WhiteElo "2637"]
[BlackElo "2414"]
[PlyCount "93"]
[EventDate "2015.12.20"]
[EventType "swiss"]
[EventRounds "9"]
[EventCountry "QAT"]
[Source "lmi"]
[SourceDate "2015.12.20"]

1. e4 c6 2. d4 d5 3. Nd2 dxe4 4. Nxe4 Bf5 5. Qf3 e6 6. Ne2 Nf6 7. Nxf6+ Qxf6 8.
Qb3 Qe7 9. Ng3 Bg6 10. h4 h6 11. h5 Bh7 12. Bf4 Qb4+ 13. c3 Qxb3 14. axb3 Nd7
15. b4 Nf6 16. f3 Be7 17. Kf2 O-O 18. Bc4 Rfd8 19. Be5 Nd5 20. Ne4 f6 21. Bh2
b6 22. Rhe1 Kf7 23. Kg1 g5 24. hxg6+ Bxg6 25. Re2 Rd7 26. Rae1 Bf8 27. b5 c5
28. dxc5 bxc5 29. Nf2 Kg7 30. Rxe6 Nb6 31. Bf1 Rd2 32. Ng4 Bf5 33. Bf4 Bxg4 34.
Bxd2 Bxe6 35. Rxe6 Rd8 36. Re2 Nc4 37. Bf4 Rd1 38. b3 Na5 39. Ra2 Nxb3 40. Kf2
Kg6 41. Bc4 Nd4 42. Rd2 Rc1 43. Bd3+ Kf7 44. cxd4 cxd4 45. Ra2 Rc3 46. Rxa7+
Ke6 47. Ke2 1-0

[Event "Qatar Masters Open 2015"]
[Site "Doha QAT"]
[Date "2015.12.20"]
[Round "1.40"]
[White "Saduakassova, Dinara"]
[Black "Grandelius, Nils"]
[Result "0-1"]
[WhiteElo "2407"]
[BlackElo "2632"]
[PlyCount "106"]
[EventDate "2015.12.20"]
[EventType "swiss"]
[EventRounds "9"]
[EventCountry "QAT"]
[Source "lmi"]
[SourceDate "2015.12.20"]

1. d4 Nf6 2. c4 e6 3. g3 d5 4. Bg2 g6 5. Nc3 Bg7 6. Bg5 c6 7. e4 h6 8. Bxf6
Qxf6 9. Nf3 O-O 10. O-O dxc4 11. a4 Qe7 12. Qe2 c5 13. Qxc4 cxd4 14. Nxd4 Nc6
15. Nxc6 bxc6 16. f4 a5 17. Rfd1 Ba6 18. Qxc6 Rfc8 19. Qd6 Qa7+ 20. Kh1 Rab8
21. Rab1 Rb6 22. Qd2 Bxc3 23. bxc3 Rxb1 24. Rxb1 Qc7 25. f5 Qxc3 26. Qxc3 Rxc3
27. fxe6 fxe6 28. Kg1 Rc5 29. Rb6 Bc4 30. Kf2 Kg7 31. Bh3 Kf6 32. Bg4 Ke5 33.
h4 h5 34. Bh3 Rc8 35. Ke3 Rc7 36. Bg2 Rd7 37. Rc6 Rd3+ 38. Kf2 Rd2+ 39. Kg1 Kd4
40. Bh3 e5 41. Rxg6 Ra2 42. Bd7 Bd3 43. Rd6+ Ke3 44. g4 hxg4 45. Bxg4 Bxe4 46.
Bh3 Rxa4 47. h5 Rd4 48. Re6 Rd1+ 49. Bf1 Bd3 50. Rxe5+ Kf3 51. Rxa5 Rxf1+ 52.
Kh2 Be4 53. Ra7 Kg4 0-1